| 000 | 01029nam a2200253Ia 4500 | ||
|---|---|---|---|
| 005 | 20140217111142.0 | ||
| 008 | 130821s xx gs spa | ||
| 020 | _a9589708323 | ||
| 040 |
_aCo-BoUCM _bspa |
||
| 041 | 0 | 0 | _aspa |
| 092 | _aCD 0229 | ||
| 110 | 2 | _aDMS Ediciones e Investigaciones | |
| 245 | 1 | 0 |
_aConsejo de Estado 1984-1994 _cDMS Ediciones e Investigaciones |
| 260 |
_a[Lugar desconocido] _b[Editorial desconocida] _c[fecha desconocida] |
||
| 300 | _a1 CD-ROM | ||
| 505 | _aSentencias Completas. -- Indice Temático. -- Indice Cronólogico. -- Motor de Búsqueda. | ||
| 538 | _aPara activar el motor de busqueda teclee Ctrl y F simultáneamente. | ||
| 650 | 0 | 4 |
_aDerecho administrativo _912695 |
| 650 | 0 | 4 |
_aDerecho administrativo _zColombia _yResenas bibliograficas _vSentencias _vCD-ROM _912695 |
| 650 | 0 | 4 |
_aDerecho constitucional _912725 |
| 650 | 0 | 4 |
_aDerecho constitucional _zColombia _yResenas _vSentencias _vCD-ROM _912725 |
| 651 | 1 | 4 |
_aColombia _bConsejo de Estado _926606 |
| 942 |
_cMULTIMEDIA _2LOCAL _a8 _e1 |
||
| 999 |
_c53864 _d53864 |
||